[Event "2nd Sharjah Masters 2018"]
[Site "Sharjah"]
[Date "2018.04.13"]
[Round "2"]
[White "Maghsoodloo, Parham"]
[Black "Hejazipour, Mitra"]
[Result "1-0"]
[WhiteElo "2615"]
[BlackElo "2304"]
[Annotator "TA"]
[PlyCount "131"]
[EventDate "2018.??.??"]
[EventType "swiss"]
[EventCountry "UAE"]
[SourceTitle "playchess.com"]
[Source "ChessBase"]
[SourceQuality "1"]

{[%evp 17,131,14,13,16,30,13,30,11,45,19,26,19,18,0,25,21,29,9,8,3,15,0,13,17,24,12,11,8,11,10,14,0,13,0,31,21,20,22,23,21,20,23,19,0,0,0,0,-53,-51,-49,55,65,56,49,61,33,35,38,31,37,57,35,43,41,93,16,60,23,97,97,97,97,97,97,97,87,79,83,163,87,87,81,79,78,81,77,89,126,70,0,0,0,1656,2668,2202,1622,1705,421,29964,29964,29967,29967,29968,29969,29970,29971,29968,29969,29989,29990,29990,29991,29991,29989,29992,29993]} 1. c4 Nf6 2. Nc3 e6 3. e4 c5 4. Nf3 Nc6 5. Be2 e5 (5... d5 6. exd5 exd5 7. d4 cxd4 8. Nxd4 dxc4 9. Nxc6 Qxd1+ 10. Nxd1 bxc6 11. Bxc4 Bd6 12. O-O O-O 13. b3 Rd8 14. Bg5 h6 15. Bh4 Bf5 {1-0 (55) Andreikin,D (2712)-Grischuk,A (2772) Huaian 2017}) 6. d3 {A34: Symmetrical English: 2 Nc3, lines with ...d5} d6 7. a3 Be7 8. O-O O-O 9. Rb1 a5 {LiveBook: 5 Games} 10. Ne1 Be6 11. Nc2 $146 ({Find the theoretical novelty and annotate with similar games:} 11. f4 exf4 12. Bxf4 Nd7 13. Nc2 {½-½ (25) Gvetadze,S (2198)-Charkhalashvili,I (2214) Tbilisi 2001}) 11... Nd7 12. Nb5 Na7 13. Nxa7 Rxa7 14. b4 axb4 15. axb4 b6 16. Qd2 h6 17. Bb2 Bg5 18. Qc3 {Hoping for f4!} Qf6 19. Na3 Nb8 {[%cal Bd7b8,Bb8c6,Bc6b4][%mdl 32]} 20. Nb5 Rd7 21. bxc5 bxc5 22. Ra1 Nc6 23. Ra6 Rc8 24. Rfa1 Qd8 25. g3 {f4! is the strong threat.} Bf6 26. Qd2 Nb4 27. R6a4 Rb7 28. Bc3 Be7 29. Na7 Rcc7 $1 30. Qd1 Bd7 31. R4a3 Kh7 32. Bg4 (32. Ra5 $11) 32... Bxg4 $1 $15 33. Qxg4 Qd7 (33... Nc2 $1 $15 34. Qf5+ Kg8) 34. Qxd7 $14 Rxd7 35. Bxb4 $1 cxb4 36. Ra6 f5 37. Nb5 fxe4 38. dxe4 Rd8 39. Rc6 Rbb8 40. Rc7 Bg5 ({Black should try} 40... Bf8 $14) 41. Rb1 (41. h4 $16 Bd2 42. Kf1) 41... Bd2 $11 42. Kf1 Rbc8 (42... Ra8 $11) 43. Rxc8 $16 Rxc8 {[%mdl 4096] Endgame KRB-KRN} 44. Ke2 Bc3 45. Kd3 Rf8 46. Rf1 Rf3+ 47. Ke2 $1 {[%cal Re2f3]} Rf7 (47... Rf8 $16) 48. f4 ({Don't do} 48. Nxd6 Ra7 $16) ({Better is} 48. Rd1 $18) 48... exf4 49. gxf4 ({Much weaker is} 49. Nxd6 Rf6 $15) 49... g5 50. Nxc3 bxc3 {[#] KR-KR} 51. f5 $1 Ra7 52. Kd3 Ra2 (52... Kg7 $16) 53. e5 ({White should play} 53. Rd1 $14) 53... dxe5 $11 54. c5 {[%cal Bc4c5,Bc5c6,Bc6c7][%mdl 32] Strongly threatening Rc1.} c2 $2 {[%mdl 8192] [#]} (54... Kg7 $11) 55. Rc1 $1 $18 Kg7 56. c6 Ra3+ 57. Kxc2 (57. Kc4 $142 Kf6 58. c7 (58. Rxc2 Ra8 $16)) 57... Kf6 (57... Ra7 $18 58. Kd3 Rc7) 58. c7 {White mates.} Ra8 59. Kd3 Rc8 60. Ke4 h5 61. Rc6+ Ke7 62. f6+ {[%cal Bf5f6,Bf6f7][%mdl 32]} Kd7 63. Kd5 e4 64. Re6 {[%csl Gf6][%cal Re6e7]} Rf8 65. Re7+ Kc8 66. f7 {Precision: White = 53%, Black = 34%.} 1-0

[Event "2nd Sharjah Masters 2018"]
[Site "Sharjah"]
[Date "2018.04.13"]
[Round "2"]
[White "Tabatabaei, M amin"]
[Black "Raahul V S"]
[Result "1-0"]
[WhiteElo "2605"]
[BlackElo "2258"]
[Annotator "TA"]
[PlyCount "102"]
[EventDate "2018.??.??"]
[EventType "swiss"]
[EventCountry "UAE"]
[SourceTitle "playchess.com"]
[Source "ChessBase"]
[SourceQuality "1"]

{[%evp 19,102,43,53,45,66,68,89,91,95,91,92,90,96,98,95,59,66,58,63,19,22,8,85,88,108,71,89,66,79,81,95,58,64,72,134,142,170,173,202,0,0,0,37,27,27,27,37,42,53,37,159,33,35,38,147,128,221,228,222,195,177,109,106,121,575,559,635,571,518,469,458,466,2635,2781,2100,1645,1935,1751,2747,2603,12841,12843,12844,12844,12850]} 1. d4 Nf6 2. c4 g6 3. Nf3 Bg7 4. g3 O-O 5. Bg2 d6 6. Nc3 Nc6 7. O-O e5 8. d5 Ne7 9. e4 Nd7 10. Be3 h6 {LiveBook: 7 Games. E62: King's Indian: Fianchetto: 6...c6 and Panno Variation (6...Nc6) without ...a6} 11. Nh4 (11. Qd2 Kh7 12. Nh4 f5 13. exf5 gxf5 14. f4 e4 15. g4 Nf6 16. gxf5 Nxf5 17. Nxf5 Bxf5 18. Bd4 c5 19. dxc6 bxc6 {1-0 (39) Zhigalko,A (2594)-Oleksienko,M (2615) Yerevan 2016}) 11... f5 12. exf5 Nxf5 $146 {White is slightly better.} ({Predecessor:} 12... gxf5 13. f4 e4 14. Bd4 Nf6 15. Qd2 Bd7 16. Nd1 Qe8 17. Ne3 Qh5 18. Bh3 {1-0 (34) Kilgus,G (2234)-Enoeckl,P (2110) Linz 2001}) 13. Nxg6 Nxe3 14. fxe3 Rxf1+ 15. Qxf1 Qg5 16. Qf5 $1 {[%cal Rf5e6]} Bf6 17. Nh4 {Qe6+ is the strong threat.} Qxf5 18. Nxf5 Nb6 19. Nxh6+ Kg7 20. Rf1 Nxc4 (20... Bg5 $11 {remains equal.} 21. Nf5+ Bxf5 22. Rxf5 Bxe3+ 23. Kh1 Nxc4) 21. Ne4 $36 {[%mdl 2048] Black is under strong pressure.} Kxh6 22. Rxf6+ Kg7 23. h4 {Black must now prevent h5.} Bg4 24. Bf3 $1 {[%cal Rf3g4]} Nxe3 25. Bxg4 Nxg4 {[%mdl 4096] Endgame KRN-KRN} 26. Rf3 $1 {[%cal Rf3c3] Strongly threatening Rc3.} Rd8 (26... Re8 $142) 27. Rb3 $1 Rd7 28. Rxb7 Ne3 29. Nc3 $2 (29. Rxa7 $18 {Threatens to win with a4.} Rf7 30. a4) 29... Rf7 $11 30. Rxa7 Rf1+ 31. Kh2 Rf2+ 32. Kh3 Rf1 {[%cal Rf1h1]} 33. Rxc7+ Kg6 {[%cal Rf1h1]} 34. g4 {aiming for Kg3.} Rf3+ 35. Kh2 {And now Ne4 would win.} Nxg4+ 36. Kg2 Rd3 (36... Rf4 $1 $14) 37. Rd7 Kf5 (37... Ne3+ $16 38. Kf2 Nc4) 38. Rf7+ $1 $18 ({Don't do} 38. Rxd6 $6 Rd2+ 39. Kg1 Rxb2 $16) 38... Nf6 {[#]} 39. Kf1 $1 Kg6 {[#]} 40. Ke2 ({White should try} 40. Rf8 $1 $18) 40... Rd4 41. Rb7 Nxd5 $2 {[%mdl 8192]} (41... Rxh4 $16 {is tougher.} 42. a4 Ne4) 42. Nxd5 {White is clearly winning.} Rxd5 $16 {KR-KR} 43. b4 {[%cal Bb2b4,Bb4b5,Bb5b6][%mdl 32]} Rd4 44. a4 {[%cal Ba2a4,Ba4a5,Ba5a6,Ba6a7][%mdl 32]} Rxh4 45. a5 Kf5 (45... Rh2+ $142 46. Kd3 Ra2) 46. a6 $18 Rh2+ 47. Kf1 Ra2 48. b5 e4 49. a7 e3 50. b6 Ke4 51. Rb8 Kd5 {Precision: White = 79%, Black = 41%.} 1-0

[Event "2nd Sharjah Masters 2018"]
[Site "Sharjah"]
[Date "2018.04.13"]
[Round "2"]
[White "Firouzja, Alireza"]
[Black "Ashwath, R."]
[Result "1-0"]
[WhiteElo "2572"]
[BlackElo "2250"]
[Annotator "TA"]
[PlyCount "95"]
[EventDate "2018.??.??"]
[EventType "swiss"]
[EventCountry "UAE"]
[SourceTitle "playchess.com"]
[Source "ChessBase"]
[SourceQuality "1"]

{[%evp 22,95,45,48,51,49,50,43,47,50,64,64,64,59,69,64,72,70,62,55,62,57,49,6,6,7,7,7,10,8,12,12,8,12,14,15,28,28,27,24,30,24,76,70,83,83,158,165,166,108,89,70,128,127,215,215,231,225,307,289,293,299,456,424,364,357,340,321,535,530,29967,29976,29977,29977,29978,29979]} 1. e4 c5 2. Nf3 Nc6 3. d4 cxd4 4. Nxd4 g6 5. c4 Nf6 6. Nc3 Nxd4 7. Qxd4 d6 8. Be2 Bg7 9. Be3 O-O 10. Qd2 Be6 11. O-O Qa5 12. b3 {LiveBook: 9 Games. B36: Sicilian: Maroczy Bind: Gurgenidze System} Ng4 13. Bd4 Bxd4 14. Qxd4 {White is slightly better.} Qe5 15. Qxe5 Nxe5 16. f4 Nc6 {[#]} 17. f5 $146 ({Predecessor:} 17. Kf2 Rfc8 18. Ke3 f6 19. Rad1 Rab8 {1-0 (45) Smeets,J (2550)-Wemmers,X (2411) Hilversum 2006}) 17... Bd7 18. f6 Rad8 19. Nb5 exf6 20. Rxf6 Be6 21. Rd1 Rd7 22. Nxd6 Rfd8 23. c5 b6 24. Bb5 bxc5 25. e5 Rc7 $1 26. Bxc6 Rxc6 27. Rc1 Rd7 28. Rf4 f5 29. Ra4 $36 {[%mdl 2048] White is pushing.} a6 30. Kf2 Kf8 31. Ke3 Rdc7 (31... Bd5 $11) 32. g3 $16 h6 33. h4 Ke7 {[#]} (33... Re7 $142) 34. h5 $1 {[%cal Rh5g6]} gxh5 {[#]} 35. Rh4 (35. Rh1 $1 $18) 35... Bf7 36. Kf4 Ke6 (36... Bg6 $14) 37. Nxf7 Rxf7 (37... Kxf7 $16 38. Kxf5 Kg7) 38. Rxh5 {[%mdl 4096] Endgame KRR-KRR} Ke7 39. Rxf5 a5 40. Rxf7+ Kxf7 $18 {KR-KR} 41. Ke4 Ke6 (41... h5 $142 42. Kd5 Rg6 43. Rxc5 Rxg3 44. Rxa5 Rg2 45. Ra7+ Kg6) 42. Rf1 Ke7 43. Kd5 Rg6 44. Rf3 ({Less strong is} 44. Kxc5 Rxg3 45. Kb5 h5 $18) 44... h5 $2 (44... Rg4 {was worth a try.} 45. Kxc5 Re4) 45. Kxc5 Ke6 {[#]} 46. Rf6+ $1 {White mates.} Rxf6 47. exf6 Kxf6 48. Kb5 {Precision: White = 88%, Black = 52%.} 1-0

[Event "2nd Sharjah Masters 2018"]
[Site "Sharjah"]
[Date "2018.04.13"]
[Round "2"]
[White "Petrosyan, Manuel"]
[Black "Aradhya, Garg"]
[Result "1-0"]
[WhiteElo "2560"]
[BlackElo "2218"]
[Annotator "TA"]
[PlyCount "77"]
[EventDate "2018.??.??"]
[EventType "swiss"]
[EventCountry "UAE"]
[SourceTitle "playchess.com"]
[Source "ChessBase"]
[SourceQuality "1"]

{[%evp 15,77,3,38,36,31,20,35,16,31,0,0,0,0,0,0,-74,-12,-6,0,0,32,29,23,16,29,23,48,42,83,45,98,75,150,118,156,158,283,273,283,275,291,289,286,281,279,266,255,238,470,461,516,512,705,706,710,707,920,904,1045,995,29993,29994,29996,29997]} 1. d4 Nf6 2. Nf3 e6 3. c4 Bb4+ 4. Bd2 a5 5. Nc3 b6 6. e3 {[%cal Be2e3,Be3e4,Be4e5][%mdl 32]} Bb7 7. Bd3 O-O 8. Qc2 {E11: Bogo-Indian} (8. O-O d6 9. Qe2 Bxc3 10. Bxc3 Be4 11. Nd2 Bxd3 12. Qxd3 Nbd7 13. e4 e5 14. Rfe1 Nh5 15. Nf1 Qg5 16. Rad1 {½-½ (71) Eljanov,P (2712)-Moiseenko,A (2679) Kiev 2011}) 8... d6 {LiveBook: 4 Games} 9. a3 Bxc3 10. Bxc3 {White is slightly better.} Nbd7 11. e4 c5 12. e5 $146 ({Predecessor:} 12. d5 Re8 13. O-O exd5 14. exd5 Ne5 15. Nxe5 dxe5 {1-0 (58) Morkedal,O-Van Landeghem,G (1608) Oslo 2012}) 12... cxd4 $1 13. exf6 dxc3 14. Bxh7+ Kh8 15. fxg7+ Kxg7 {[#] And now ...cxb2 would win.} 16. Be4 $1 {[%cal Re4b7]} Bxe4 17. Qxe4 Nf6 18. Qf4 cxb2 19. Rb1 Rg8 20. Rxb2 Rc8 21. O-O $36 {[%mdl 2048] White is more active.} e5 22. Qh4 Nh7 ({Black should play} 22... Rh8 $1 $14 23. Qg5+ Kf8) 23. Qe4 Qc7 (23... Nf6 $142 24. Qe2 Rh8) 24. Nh4 Qc6 25. Nf5+ Kf8 (25... Kf6 $16 26. Nxd6 Qxd6) 26. Qxc6 $18 Rxc6 27. Rfb1 Rg5 28. Ne3 f5 29. h4 Rh5 30. Rxb6 Rxb6 31. Rxb6 {[%mdl 4096] Endgame KRN-KRN} f4 $2 (31... Kf7 32. Rxd6 Rxh4) 32. Nd5 Rxh4 33. Rxd6 f3 34. c5 Ng5 35. c6 Nf7 {[#]} 36. Rd8+ $1 {[%mdl 512]} Nxd8 37. c7 Rd4 38. cxd8=Q+ Kf7 39. Qf6+ {Precision: White = 72%, Black = 23%.} 1-0

[Event "2nd Sharjah Masters 2018"]
[Site "Sharjah"]
[Date "2018.04.13"]
[Round "2"]
[White "Puranik, Abhimanyu"]
[Black "Maroroa, Sue"]
[Result "1/2-1/2"]
[WhiteElo "2520"]
[BlackElo "2102"]
[Annotator "TA"]
[PlyCount "115"]
[EventDate "2018.??.??"]
[EventType "swiss"]
[EventCountry "UAE"]
[SourceTitle "playchess.com"]
[Source "ChessBase"]
[SourceQuality "1"]

{[%evp 16,115,0,-25,71,73,63,61,70,33,69,42,173,198,203,186,187,189,235,243,264,256,255,249,267,268,269,247,258,270,358,360,378,374,370,358,408,413,404,375,437,435,431,422,450,449,446,440,425,407,489,489,473,450,533,535,485,526,518,510,498,491,488,485,819,803,749,745,856,827,895,600,555,549,675,678,814,650,770,1162,1001,1109,1079,1041,930,868,1954,1962,1835,1851,933,910,5159,4737,5189,5148,1810,1537,1306,1262,1064,1015]} 1. e4 e5 2. Nf3 Nc6 3. Bb5 {[%cal Bf1b5,Bb5a4,Ba4b3][%mdl 32]} a6 4. Ba4 d6 5. d4 b5 6. Bb3 Nxd4 7. Nxd4 exd4 8. c3 dxc3 9. Nxc3 {LiveBook: 9 Games} Be7 {C71: Ruy Lopez: Deferred Steinitz Variation, sidelines} (9... Nf6 $11) (9... Nf6 10. e5 dxe5 11. Bxf7+ Ke7 12. Qb3 c5 13. Bd5 c4 14. Qd1 Nxd5 15. Nxd5+ Ke6 16. Qg4+ Kxd5 17. Qd1+ {½-½ (54) Sanal,V (2474)-Adhiban,B (2666) Doha 2016}) 10. Qh5 $16 {[%mdl 1024] White has strong compensation.} g6 11. Qf3 Be6 {White is slightly better.} 12. Nd5 Rc8 $146 ({Predecessor:} 12... c5 13. O-O c4 14. Nxe7 Nxe7 15. Bc2 Nc6 16. Bh6 Nd4 17. Qd1 {0-1 (33) Mortensen,E (2445)-Gretarsson,H (2521) Reykjavik 1999}) 13. Bd2 {Black must now prevent Bc3.} c5 (13... Bxd5 $14 14. Bxd5 Nf6) 14. Bc3 $18 Bxd5 15. Bxh8 ({Weaker is} 15. Bxd5 Nf6 $11) 15... Bxb3 16. axb3 ({But not} 16. Qxb3 $6 Nf6 $14) 16... Bf6 17. Bxf6 Qxf6 18. Rxa6 Qxf3 19. gxf3 {[%mdl 4096] Endgame KRR-KRN} Ke7 20. Ke2 Nf6 21. Rd1 Ne8 22. f4 f6 23. e5 {[%cal Re5d6]} dxe5 24. fxe5 fxe5 25. Rd5 Rc7 26. Rxe5+ Kf7 27. Rb6 Ng7 28. Rxb5 Ne6 {[#] ...Nd4+ is the strong threat.} 29. Rb6 Nd4+ 30. Ke3 Kg7 31. Ke4 Nf5 32. Rd5 c4 33. bxc4 {White is clearly winning.} Rxc4+ 34. Kf3 Rh4 35. Rd7+ Kh6 36. Rbb7 Kg5 37. Rxh7 Rf4+ 38. Kg2 Nh4+ 39. Kf1 Kg4 {[#]} (39... Ra4 $142 40. Rb6 Nf5) 40. h3+ $1 Kg5 (40... Kxh3 41. Rb3+) 41. b4 Rf3 42. Rbc7 Rb3 43. Rc5+ Nf5 44. Rc4 {And now f4+ would win.} Rb1+ 45. Kg2 Rb2 {Threatening ...Ne3+.} 46. Re4 Rb3 47. h4+ Kf6 48. Rc7 Rb2 49. Rc6+ Kg7 50. Rc5 Nd6 51. Rg4 Kf7 52. Rc7+ Kf6 53. Rc6 Rd2 54. b5 Kf5 55. Rg5+ Kf4 56. Rc7 Nf5 57. Rc4+ Ke5 58. h5 {[%mdl 32768] Precision: White = 93%, Black = 48%. . An unexpected result.} 1/2-1/2

[Event "2nd Sharjah Masters 2018"]
[Site "Sharjah"]
[Date "2018.04.13"]
[Round "2"]
[White "Gagare, Shardul"]
[Black "Priyanka Nutakki"]
[Result "0-1"]
[WhiteElo "2502"]
[BlackElo "1957"]
[Annotator "TA"]
[PlyCount "138"]
[EventDate "2018.??.??"]
[EventType "swiss"]
[EventCountry "UAE"]
[SourceTitle "playchess.com"]
[Source "ChessBase"]
[SourceQuality "1"]

{[%evp 17,138,0,5,0,37,24,37,45,48,36,45,51,48,34,63,66,77,72,75,83,91,56,87,89,86,73,86,43,50,48,39,45,43,40,55,65,71,0,81,52,52,49,97,66,62,75,113,50,92,7,18,12,21,0,0,0,0,-21,-17,-10,90,73,61,0,39,0,100,97,151,97,89,-14,0,-68,0,-187,-171,-209,-146,-180,-97,-269,-240,-277,-276,-302,-301,-446,-428,-508,-505,-538,-514,-508,-500,-569,-525,-638,-638,-584,-564,-621,-616,-742,-733,-719,-703,-783,-735,-1059,-1014,-6620,-6700,-6043,-6026,-5073,-4133,-6307,-6259,-5749,-6083,-5393,-5366]} 1. c4 e5 2. g3 Nf6 3. Bg2 Nc6 4. Nc3 Bb4 5. Nd5 Bc5 6. e3 O-O 7. Ne2 d6 {A25: English Opening vs King's Indian with ...Nc6 but without early d3} (7... Nxd5 8. cxd5 Ne7 9. b3 c6 10. Bb2 Nxd5 11. Bxe5 Nc7 12. Qc2 Ne6 13. Nf4 Qe7 14. Nxe6 dxe6 15. O-O Bd7 16. Rab1 {½-½ (41) Harikrishna,P (2740)-Yilmaz,M (2582) Kocaeli 2015}) 8. a3 Nxd5 9. cxd5 Ne7 {LiveBook: 3 Games. The position is equal.} 10. d4 exd4 11. Nxd4 Nf5 12. Ne2 a5 $146 ({Predecessor:} 12... Qf6 13. O-O Re8 14. Qc2 {½-½ (51) Talla,V (2394)-Mondrzycki,B (2099) Banska Stiavnica 2013}) 13. b3 Bd7 14. O-O Re8 15. Ra2 Bb5 16. Re1 a4 17. b4 Bb6 18. Rc2 Qe7 19. Kh1 h5 20. Nc3 Bc4 21. Qxh5 Qe5 {Threatens to win with ...Nxg3+!} 22. Qd1 Bb3 {White must now prevent ...Nd4!} 23. Qd3 Bxc2 24. Qxc2 {[#]} Nd4 $1 {[%mdl 512]} 25. Qd3 (25. exd4 Qxe1+) 25... Qf5 26. Qxf5 Nxf5 27. Be4 (27. Rd1 $16) 27... Nh6 (27... Nd4 $1 $11) 28. Bc2 {[%mdl 1024] White has strong compensation.} Bd4 29. Nb5 $1 {[%cal Rb5d4]} Bb6 30. Rd1 Ng4 31. Kg2 Nf6 32. Bb2 (32. Nc3 $16) 32... Ne4 33. f3 (33. h4 $16) 33... Ng5 $11 34. e4 $1 f5 $1 {[%cal Rf5e4]} 35. Nc3 fxe4 36. f4 $36 {[%mdl 2048] White fights for an advantage.} Nf7 37. Bxa4 Re7 $1 38. Bc2 e3 (38... Nh6 $11) 39. Ne2 $16 c5 40. b5 (40. dxc6 $14 bxc6 41. a4) 40... Ba5 41. a4 b6 (41... Rf8 $11 {keeps the balance.}) 42. h4 Nd8 ({Better is} 42... Rf8) 43. Kf3 (43. g4 $142) 43... Bd2 44. f5 (44. h5 $16) 44... Nb7 45. Bc3 (45. Rf1 $11) 45... Rae8 (45... Bxc3 $15 46. Nxc3 Na5) 46. Bxd2 $2 (46. Ba1 $11 {and White is okay.}) 46... exd2 $19 47. Rxd2 Re3+ 48. Kf2 Ra3 (48... Na5 $19 49. Nf4 Ra3) 49. Bd1 $2 (49. Rd3 $17 {keeps fighting.} Ra2 50. Rc3) 49... Ree3 50. Nf4 Rxg3 51. Bh5 {[#] Strongly threatening Re2.} Rge3 $1 52. Ne6 (52. f6 {is a better defense.} gxf6 53. Rd1) 52... Rh3 {Black is clearly winning.} 53. f6 gxf6 54. Kf1 Rh1+ 55. Kg2 Rxh4 56. Bf3 Rhxa4 57. Kg3 Ra2 58. Rd1 Ra1 59. Rd2 R4a2 60. Rd3 Ra3 61. Rxa3 Rxa3 {[%mdl 4096] Endgame KRN-KBN} 62. Kf4 c4 {[%cal Bc5c4,Bc4c3,Bc3c2][%mdl 32]} 63. Be2 c3 64. Ke3 c2+ 65. Kd2 {[#]} Rc3 $1 {[%cal Rc2c1][%mdl 512]} 66. Kc1 (66. Kxc3 c1=Q+) 66... Nc5 {( -> ...Nb3+)} 67. Nd4 Nd3+ 68. Bxd3 Rxd3 69. Nf5 Kf8 {Precision: White = 36%, Black = 51%.} 0-1

[Event "2nd Sharjah Masters 2018"]
[Site "Sharjah"]
[Date "2018.04.13"]
[Round "2"]
[White "Yakubboev, Nodirbek"]
[Black "Shanya Mishra"]
[Result "1-0"]
[WhiteElo "2482"]
[BlackElo "1922"]
[Annotator "TA"]
[PlyCount "91"]
[EventDate "2018.??.??"]
[EventType "swiss"]
[EventCountry "UAE"]
[SourceTitle "playchess.com"]
[Source "ChessBase"]
[SourceQuality "1"]

{[%evp 9,91,14,26,13,18,20,21,9,15,8,6,0,0,0,0,5,5,-25,-16,-23,18,-13,-4,-16,-13,-12,-12,-16,-19,-15,0,0,0,0,27,0,23,21,22,21,22,25,31,20,45,37,45,30,42,35,65,35,136,138,303,318,385,375,1066,1049,1419,1408,1315,930,934,916,906,856,2181,2043,6583,5306,1593,1418,5620,5627,5521,5510,5406,5384,5541,5597,5541,5506]} 1. Nf3 Nf6 2. c4 e6 3. b3 d5 4. Bb2 g6 (4... c5 5. cxd5 exd5 6. e3 Nc6 7. Bb5 Bd6 8. d4 O-O 9. dxc5 Bxc5 10. O-O Bg4 11. Bxc6 bxc6 12. Qc2 Ne4 13. Nbd2 Nxd2 14. Nxd2 Bb6 15. h3 Be6 {½-½ (62) Andreikin,D (2712)-Anand,V (2776) Moscow 2018}) 5. e3 Bg7 {LiveBook: 5 Games} 6. Nc3 {A13: English Opening: 1...e6} O-O 7. Rc1 $146 ({Predecessor:} 7. Qc2 b6 8. h4 h5 9. Bd3 c5 10. Ne2 Nc6 11. a3 Qd6 12. Nf4 d4 13. Bxg6 fxg6 14. Qxg6 {0-1 (26) Schwabeneder,A (2034)-Diermair,A (2453) Aschach 2014}) 7... b6 8. d4 {The position is equal.} Bb7 9. Bd3 Nbd7 10. cxd5 Nxd5 11. Nxd5 Bxd5 12. O-O c5 13. e4 Bb7 14. Ba3 Re8 15. dxc5 (15. Bb5 $5 {[%cal Rd4c5]}) 15... Nxc5 16. Bxc5 bxc5 17. Qe2 Qa5 18. h4 Red8 19. Bc4 Qc7 20. Ba6 Bxa6 21. Qxa6 Bd4 22. Kh1 {[%cal Bg1h1,Bh1h2,Bh2g2][%mdl 32]} Qf4 23. Qe2 Qg4 24. Kh2 e5 25. g3 Qe6 26. Kg2 h6 27. h5 g5 28. Rc4 a5 29. Rfc1 {[%cal Bf1c1,Bc1c2,Bc2c6,Bc6d6][%mdl 32]} Ra7 30. R1c2 Rb8 (30... Kg7 $14) 31. Nxd4 $16 cxd4 $2 (31... exd4 $16 32. Rxc5 Rd8) 32. Rc6 $18 Qd7 {[#] Threatens to win with ...d3.} 33. Rxh6 Kg7 $2 (33... f6 34. Qc4+ Qf7 35. Rxf6 Qxc4 36. bxc4 a4) 34. Rcc6 {White is clearly winning.} Rc8 35. Rcd6 {White threatens Qf3 and mate.} Qe7 36. Qf3 {[#] Strongly threatening Qf5.} Rh8 37. Rhf6 Rd7 38. Rc6 Rg8 39. Qf5 Rc7 40. Qxg5+ Kf8 41. Qh6+ Ke8 42. Rxc7 Qxc7 43. Rc6 Qd7 44. Qf6 d3 45. Qxe5+ Kf8 46. Rb6 {Precision: White = 78%, Black = 41%.} 1-0

[Event "2nd Sharjah Masters 2018"]
[Site "Sharjah"]
[Date "2018.04.13"]
[Round "2"]
[White "Darini, Pouria"]
[Black "Sidharth Balaji Sridharan"]
[Result "1-0"]
[WhiteElo "2478"]
[BlackElo "1567"]
[Annotator "TA"]
[PlyCount "113"]
[EventDate "2018.??.??"]
[EventType "swiss"]
[EventCountry "UAE"]
[SourceTitle "playchess.com"]
[Source "ChessBase"]
[SourceQuality "1"]

{[%evp 19,113,25,40,33,52,52,52,52,52,42,41,42,54,37,36,31,42,31,42,38,37,31,45,41,44,28,41,25,32,26,43,0,38,30,31,27,33,8,1,0,66,29,59,41,43,16,80,80,80,80,81,0,79,0,80,54,80,55,106,0,80,80,123,80,95,97,98,80,80,83,106,97,104,105,192,118,143,123,137,102,201,183,386,396,363,347,440,440,451,429,521,519,727,737,697,679]} 1. e4 e5 2. Nf3 Nc6 3. d4 exd4 4. Nxd4 Bc5 5. Nb3 Bb6 6. Nc3 Nf6 7. Bg5 d6 8. Qe2 {C45: Scotch Game} h6 9. Bh4 Nd4 (9... Be6 10. Nd5 g5 11. Bg3 Bxd5 12. exd5+ Ne7 13. O-O-O Qd7 14. Qf3 Qf5 15. Bb5+ {1-0 (58) Muzychuk,M (2544)-Tan,Z (2517) Huaian 2017}) 10. Nxd4 Bxd4 {LiveBook: 3 Games} 11. Qd2 Bxc3 12. Qxc3 O-O 13. Bxf6 $146 ({Predecessor:} 13. f3 Re8 14. Bg3 Be6 {1-0 (43) Aabling Thomsen,J (2330)-Christensen,J (2229) Denmark 2011}) 13... Qxf6 14. Qxf6 gxf6 15. Bd3 Bd7 16. O-O-O Rfe8 17. Rhe1 Re7 18. Re3 Kh8 19. Rg1 Rae8 20. Kd2 Bc6 21. Rge1 Kg7 22. c4 b6 23. Kc3 Bb7 24. Kd4 Re5 25. R1e2 Bc6 26. Rg3+ Rg5 27. Ree3 Bb7 28. Bc2 c5+ 29. Kc3 Re7 ({Better is} 29... f5 $11) 30. Kd2 Kh8 31. Bd3 Ba8 32. Ref3 Rxg3 (32... Bxe4 $11 33. Rxf6 Kg7 34. Rxd6 Bxg2) 33. Rxg3 $11 {[%mdl 4096] Endgame KRB-KRB} Re8 34. Re3 Kg7 35. Rg3+ Kh8 $1 36. Re3 Kg7 $1 37. Bc2 Bb7 38. Rg3+ Kh8 ({Black should try} 38... Kf8 $14) 39. Re3 Kg7 $1 40. f3 Ba8 41. Ke2 Bb7 42. Ra3 Ra8 43. Ba4 Kf8 44. Ke3 Kg8 45. Kf4 Kg7 46. Bd7 Kg6 (46... Rd8 $16 {might work better.}) 47. Kg4 (47. Rd3 $18) 47... Kg7 48. Kh5 Rd8 49. Bf5 Ra8 (49... a5 $16 {keeps fighting.}) 50. f4 $18 Bc6 $2 (50... Re8) 51. Rg3+ Kh8 52. Kxh6 Re8 53. Rd3 {White is clearly winning.} Rd8 54. g4 a6 {[#]} 55. e5 $1 {[%mdl 512]} fxe5 (55... dxe5 56. Rxd8+) 56. fxe5 d5 {[#]} 57. Be4 $1 {[%mdl 512] Precision: White = 42%, Black = 36%.} 1-0